000 00442nam a2200157Ia 4500
008 230312s9999||||xx |||||||||||||| ||und||
020 _a0-446-69637-4
082 _a658
_bKIY
100 _aKiysaki Robert T
245 0 _aBefore You . Quit You Job .
260 _bWarner Business Books
_aNew York
_c2005
300 _a255
546 _aEng.
650 _aManagement
_vwhat is the differnce between an employee and an entrepreneur
942 _cBK
999 _c1049
_d1049